[Event "GEO-ch 1st League 81st"]
[Site "Tbilisi"]
[Date "2021.12.17"]
[Round "4"]
[White "Goderdzishvili, Giga"]
[Black "Tutisani, Noe"]
[Result "1/2-1/2"]
[WhiteElo "1982"]
[BlackElo "2419"]
[PlyCount "124"]
[EventDate "2021.12.14"]
[EventType "swiss"]
[EventRounds "9"]
[EventCountry "GEO"]
[SourceTitle "CBM 205 Extra"]
[Source "ChessBase"]
[SourceDate "2022.01.31"]
[SourceVersion "1"]
[SourceVersionDate "2022.01.31"]
[SourceQuality "1"]

1. Nf3 g6 2. g3 c5 3. Bg2 Bg7 4. 0-0 Nc6 5. e4 d6 6. c3 e5 7. a3 Nge7 8. d3 0-0 9. b4 a6 10. Nbd2 Be6 11. Rb1 h6 12. Nb3 c4 13. dxc4 Bxc4 14. Re1 b5 15. Nfd2 Be6 16. Bb2 Nc8 17. Rc1 Nb6 18. Bf1 Rc8 19. c4 Na4 20. Ba1 Nd4 21. Nxd4 exd4 22. Nb3 Nc3 23. Qd2 Bxc4 24. Nxd4 Bxf1 25. Kxf1 Na4 26. Nc6 Qd7 27. Bxg7 Kxg7 28. Qd4+ Kh7 29. Na5 Qe6 30. Red1 h5 31. h4 Rfe8 32. Nb7 Nc3 33. Rxc3 Rxc3 34. Qxc3 Qxe4 35. Kg1 Qxb7 36. Rxd6 Rc8 37. Qd2 Qf3 38. Rd3 Qf5 39. Kh2 Rc4 40. Qe2 Re4 41. Qf3 Qxf3 42. Rxf3 Kg7 43. Kg2 Re2 44. Kf1 Ra2 45. Kg2 f6 46. Kf1 Kf7 47. Re3 g5 48. Kg2 Rc2 49. Kf3 g4+ 50. Kg2 Ra2 51. Kf1 f5 52. Rc3 Kf6 53. Rc6+ Ke5 54. Rxa6 Kd4 55. Rc6 Rxa3 56. Rc5 Ke4 57. Kg2 Rb3 58. Rxb5 f4 59. gxf4 Kxf4 60. Rxh5 Rxb4 61. Rh8 Rb3 62. Rf8+ Ke5 1/2-1/2

[Event "Wch U16"]
[Site "Mumbai"]
[Date "2019.10.12"]
[Round "11"]
[White "Goderdzishvili, Giga"]
[Black "Soto, Miguel Angel"]
[Result "1/2-1/2"]
[WhiteElo "2038"]
[BlackElo "2283"]
[PlyCount "89"]
[EventDate "2019.10.02"]
[EventType "swiss"]
[EventRounds "11"]
[EventCountry "IND"]
[SourceTitle "EXT 2020"]
[Source "ChessBase"]
[SourceDate "2019.10.17"]
[SourceVersion "1"]
[SourceVersionDate "2019.10.17"]
[SourceQuality "1"]

1. Nf3 Nf6 2. g3 g6 3. Bg2 Bg7 4. 0-0 0-0 5. d4 d5 6. c4 c6 7. cxd5 cxd5 8. Ne5 Nc6 9. Nc3 e6 10. Bf4 Nh5 11. Nxc6 bxc6 12. Na4 Nxf4 13. gxf4 Qd6 14. e3 f6 15. Qb3 e5 16. Rac1 Kh8 17. Qa3 Qxa3 18. bxa3 Ba6 19. Rfd1 exf4 20. exf4 Bh6 21. Bf1 Bb5 22. Bxb5 cxb5 23. Nc3 Bxf4 24. Rb1 a6 25. Nxd5 Bd6 26. a4 bxa4 27. Nb6 Rae8 28. Nxa4 Re4 29. h3 Rd8 30. Nc3 Rf4 31. Kg2 Bf8 32. Rb6 a5 33. Ne2 Rf5 34. Ng3 Rf4 35. Ne2 Re4 36. Ng3 Rexd4 37. Rxd4 Rxd4 38. Rxf6 Kg7 39. Re6 a4 40. Re4 Bc5 41. Rxd4 Bxd4 42. f4 Kf6 43. Kf3 Ke6 44. Ke4 Bf2 45. Ne2 1/2-1/2

[Event "Wch U16"]
[Site "Mumbai"]
[Date "2019.10.02"]
[Round "1"]
[White "Avila Pavas, Santiago"]
[Black "Goderdzishvili, Giga"]
[Result "1-0"]
[WhiteElo "2406"]
[BlackElo "2038"]
[PlyCount "123"]
[EventDate "2019.10.02"]
[EventType "swiss"]
[EventRounds "11"]
[EventCountry "IND"]
[SourceTitle "EXT 2020"]
[Source "ChessBase"]
[SourceDate "2019.10.17"]
[SourceVersion "1"]
[SourceVersionDate "2019.10.17"]
[SourceQuality "1"]

1. Nf3 Nf6 2. g3 g6 3. Bg2 Bg7 4. 0-0 0-0 5. c4 d6 6. Nc3 e5 7. d4 Nc6 8. d5 Ne7 9. h3 Nd7 10. e4 f5 11. exf5 gxf5 12. Bg5 h6 13. Be3 Ng6 14. Qc2 e4 15. Nd4 Nde5 16. Nce2 Qe7 17. Rad1 Bd7 18. c5 b6 19. cxd6 cxd6 20. Nc6 Qf7 21. Nf4 Nxf4 22. Bxf4 Rac8 23. Qd2 Nc4 24. Qc1 Nxb2 25. Bxd6 Nxd1 26. Rxd1 Rfe8 27. Bf1 Qg6 28. Qf4 Bxc6 29. dxc6 Rxc6 30. Bb5 Rcc8 31. Bxe8 Rxe8 32. Bb8 Qe6 33. Bxa7 e3 34. Qxe3 Qxe3 35. fxe3 Rxe3 36. Kf2 Ra3 37. Bxb6 Rxa2+ 38. Kf3 Be5 39. Bc5 Rc2 40. Bd4 Bc7 41. Rd3 Rh2 42. Rc3 Bd6 43. Rc6 Ba3 44. Rxh6 Bc1 45. Rh5 Rd2 46. Bf2 Rd3+ 47. Ke2 Rd2+ 48. Ke1 Rd5 49. g4 Kf7 50. gxf5 Rd6 51. Ke2 Ra6 52. Bd4 Bh6 53. Kd3 Bf8 54. Ke4 Ra4 55. Rh7+ Kg8 56. Ra7 Rc4 57. Kd5 Rc1 58. f6 Rd1 59. Rd7 Rf1 60. Ke6 Re1+ 61. Be5 Rf1 62. Rd8 1-0